000 00766nam a2200241Ia 4500
003 OSt
005 20221005104535.0
006 a|||||r|||| 00| 0
007 ta
008 221004b |||||||| |||| 00| 0 hin d
024 _a102482
037 _cTextual
040 _aCRL
_cCRL
_bhin
041 _2hin
_ahin
082 _aY73(Q2):1, L5;3
100 _aमुकर्जी, राधाकुमुद
245 0 _aहिन्दू सभ्यता
246 _aHindū sabhyatā
260 _aदिल्ली
_bराजकमल प्रकाशन भारत
_c1975
300 _a360पृ0
_ccm.
942 _hY73(Q2):1, L5;3
_cTEXL
_2cc
999 _c1013034
_d1013034